00653cam a22002051 4500001001300000003000400013005001700017008004100034010001700075035002000092040002300112050001900135100003000154245009100184246005900275260005400334300001800388600002400406999001700430ne 62000296 DLC20260227111734.0860130s1933 tu 000 0 tur  ane 62000296  a(OCoLC)13082619 aDLCcTxUdTxUdDLC00aPL248.S78bZ651 aErgun, Sadettin Nüzhet.10aXIX uncu asır sazşairlerinden Silleʼli Sururî.c[Hazırlayan] Sadettin Nüzhet.3 aOndokuzuncu asır sazşairlerinden Silleʼli Sururî a[İstanbul]bSühulet Kütüphanesi,c[1933?] a61 p.c20 cm.00aSürurî,d-1855. c45032d45032